Estudios hispánicos 1

保存先:
書誌詳細
第一著者: Godoy Gallardo, Eduardo (autor)
フォーマット: 図書
言語:スペイン語
出版事項: Valparaíso Universidad Católica de Valparaíso 1997
主題:
タグ: タグ追加
タグなし, このレコードへの初めてのタグを付けませんか!

MARC

LEADER 00000nam a2200000 a 4500
001 UCK2784
003 CL-VaPUC
005 20240312163730.0
008 050318e19970000CL |||||||||||||||||spa|d
999 |c 312240  |d 312238 
040 |c Pontificia Universidad Católica de Valparaíso 
082 0 4 |a H860.9  |b GOD  |2 21 
100 |a Godoy Gallardo, Eduardo   |e autor  |9 887659 
245 1 0 |a Estudios hispánicos 1 
260 |a Valparaíso  |b Universidad Católica de Valparaíso  |c 1997 
300 |a 263 p 
583 |a last modification  |c 20050318 00:00:00  |k Rodrigo Vera 
650 0 |a Literatura hispanoamericana  |9 269097 
650 0 |a Crítica e interpretación literaria  |9 266284 
650 0 |a Géneros literarios   |9 311945 
942 |c BK  |2 ddc 
945 |d 20050318 00:00:00  |a cmena 
952 |0 0  |1 0  |4 0  |6 H_860_900000000000000_GOD_1997  |7 0  |8 A  |9 382217  |a FDOPOS  |b FDOPOS  |d 2019-11-21  |i 410188K  |o H860.9 GOD 1997  |p 410188K  |r 2025-01-22  |w 2019-11-21  |y BK  |k MLH 
952 |0 0  |1 0  |4 0  |6 H_860_900000000000000_GOD_1997  |7 0  |8 A  |9 382218  |a FDOPOS  |b FDOPOS  |d 2019-11-21  |i 4101898  |o H860.9 GOD 1997  |p 4101898  |r 2025-01-22  |w 2019-11-21  |y BK  |k MLH 
952 |0 0  |1 0  |4 0  |6 H_860_900000000000000_GOD_1997  |7 0  |8 A  |9 382219  |a FDOPOS  |b FDOPOS  |d 2019-11-21  |i 4101901  |o H860.9 GOD 1997  |p 4101901  |r 2025-01-22  |w 2019-11-21  |y BK  |k MLH 
952 |0 0  |1 0  |4 0  |6 H_860_900000000000000_GOD_1997  |7 0  |8 A  |9 382220  |a BIBEDU  |b BIBEDU  |d 2019-11-21  |i 410191K  |o H860.9 GOD 1997  |p 410191K  |r 2019-11-21  |w 2019-11-21  |y BK  |k LIT 
952 |0 0  |1 0  |4 0  |6 H_860_900000000000000_GOD_1997  |7 0  |8 A  |9 382221  |a BIBEDU  |b BIBEDU  |d 2019-11-21  |i 4101928  |o H860.9 GOD 1997  |p 4101928  |r 2019-11-21  |w 2019-11-21  |y BK  |k LIT 
952 |0 0  |1 0  |4 0  |6 H_860_900000000000000_GOD_1997  |7 0  |8 A  |9 382222  |a BIBEDU  |b BIBEDU  |d 2019-11-21  |i 4101936  |o H860.9 GOD 1997  |p 4101936  |r 2019-11-21  |w 2019-11-21  |y BK  |k LIT 
952 |0 0  |1 0  |4 0  |6 H_860_900000000000000_GOD_1997  |7 0  |8 X  |9 382223  |a FDOBUD  |b FDOBUD  |d 2019-11-21  |i 4557506  |o H860.9 GOD 1997  |p 4557506  |r 2019-11-21  |w 2019-11-21  |y BK_X  |k BUD